| 000 | 00901nam a2200241 i 4500 | ||
|---|---|---|---|
| 001 | 82670 | ||
| 003 | ES-MaACL | ||
| 005 | 20250825102809.0 | ||
| 007 | t| | ||
| 008 | 041111s1957 sp ||||1| spa d | ||
| 245 | 0 | 0 |
_aLey de enjuiciamiento criminal : _bajustada a la edición oficial anotada... con las leyes complementarias y seguida de un nuevo apéndice e índice... y puesta al día hasta julio de 1957. |
| 250 | _a4ª ed. | ||
| 260 |
_aMadrid : _bReus, _c1957. |
||
| 300 |
_a550 p. ; _c14 cm. |
||
| 490 | 1 |
_aBiblioteca del estudiante ; _v9 |
|
| 655 | 0 |
_aLegislación _9226283 |
|
| 830 | 1 |
_aBiblioteca del estudiante ; _v9 _9193671 |
|
| 852 | 4 |
_aES-MaACL _jG-16106 _cDEPO2 _985722 _bR.103576 _hDonación: Ministerio de Cultura _dOlim: A-5429 |
|
| 914 |
_aEspaña. _93850 |
||
| 942 |
_2udc _cMONOGRAFIA _n0 |
||
| 999 |
_c82670 _d82670 |
||